000 00532nam a2200205Ia 4500
003 OSt
005 20230608112102.0
008 210423s2007 xx 000 0 und d
040 _cAL
041 _aeng
082 _a155
_223
_bSHAD
100 _aSHAFFER (D R)
_9122456
245 _aDevelopment psychology
260 _aAustralia
_bThomson
_c2007
365 _b489
_cINR
650 _aDifferential & Developmental Psychology
_9122457
650 _aPsychology
_9122458
906 _aDevelopment ; psychology
942 _2ddc
_cBK
999 _c175257
_d175257